| 000 | 00624nam a22002055i 4500 | ||
|---|---|---|---|
| 001 | 12249 | ||
| 003 | ES-MaACL | ||
| 005 | 20230906150255.0 | ||
| 007 | t| | ||
| 008 | 940407s1993 sp ||||0| spa j | ||
| 020 | _a84-7721-235-X | ||
| 040 |
_aM-BN _bspa _cM-BN |
||
| 080 | _a73.036(460)"19" | ||
| 245 | 0 | 0 |
_aCampus en tercera dimensión _b: (primera fase). |
| 260 |
_aValencia : _bUniversidad Politècnica, _c[1993] |
||
| 300 |
_a[146] p : _bil. col. y n ; _c31 cm. |
||
| 650 | 4 |
_aEscultura española- _yS.XX. _912436 |
|
| 710 | 2 |
_aUniversidad Politécnica de Valencia. _97445 |
|
| 852 |
_aES-MaACL _jL-19621 _bR.122574 |
||
| 999 |
_c12249 _d12249 |
||